000 00486nam a22001937a 4500
999 _c1651
_d1651
003 OSt
005 20210629092116.0
008 210629b ||||| |||| 00| 0 eng d
020 _a9781553222958
040 _cALUPE UNIVERSITY
050 _aHF5356
_b.M87 2014
100 _a Wilfrid Laurier
245 _aBusiness 121: lab manual and readings.
250 _a29th ed
260 _aConcord, Ont.
_b Captus Press
_c2014
300 _a300p
650 _aBusiness
942 _2lcc
_cBK
_nMW